| 000 | 00000nam##2200000za#4500 |
| 001 | 9.572894 |
| 003 | CaOODSP |
| 005 | 20210624183435 |
| 007 | cr ||||||||||| |
| 008 | 150406|1998||||xxc|||||o f|0| 0 eng|d |
| 040 | |aCaOODSP|beng |
| 043 | |an-cn--- |
| 086 | 1 |aSC94-62/20-1997E-PDF |
| 110 | 1 |aCanada.|bCanadian Centre for Management Development. |
| 245 | 10|aEmployee surveys in the Public Service : |h[electronic resource]|bexperiences and success factors / |c[by] Paul de L. Harwood |
| 260 | |aOttawa - Ontario : |bCanadian Centre for Management Development |cc1998. |
| 300 | |a74p.|bfig., tables |
| 490 | 1 |aManagement practices|vNo. 20 |
| 500 | |aThe catalogue number (SC94-62/20-1998) and ISBN (0-662-62991-4) for the bilingual print edition have been incorrectly copied in this electronic publication. |
| 504 | |aBibliography. |
| 590 | |a12-09-Supp|b2012-03-21 |
| 690 | 07|aPublic service|2gcpds |
| 690 | 07|aSurveys|2gcpds |
| 720 | 1 |aHarwood, Paul de L. |
| 775 | 08|tEnquêtes menées auprès des employés de la fonction publique : |w(CaOODSP)9.603141 |
| 830 | #0|aManagement practices ;|vNo. 20|w(CaOODSP)9.506783 |
| 856 | 40|ahttp://publications.gc.ca|qPDF|s288 KB|uhttps://publications.gc.ca/collections/Collection/SC94-62-20-1997E.pdf|yNo. 20 |